000 00221nam a2200097Ia 4500
005 20251222120159.0
008 251222s1900||||xx |||||||||||||| ||spa||
082 _aDVD0070/D75/2008
245 0 _aLa ola:Die Welle
942 _cDVD
999 _c2357
_d2357